000 00267nam a22001217a 4500
008 170620b xxu||||| |||| 00| 0 eng d
041 _aeng
080 _a327
100 _a20
101 _aSHP
245 _aINTERNATIONAL RELATIONS
_cGOLDSTEIN, J.S
942 _2udc
_cBK
999 _c18326
_d18326